[Event "Yalta op"]
[Site "Yalta"]
[Date "1996.??.??"]
[Round "8"]
[White "Hvorostinin, Gennadi"]
[Black "Bezman, Vadim"]
[Result "1/2-1/2"]
[WhiteElo "2180"]
[BlackElo "2365"]
[PlyCount "32"]
[EventDate "1996.??.??"]
[EventType "swiss"]
[EventRounds "11"]
[EventCountry "UKR"]
[SourceTitle "EXT 1998"]
[Source "ChessBase"]
[SourceDate "1997.11.17"]
[SourceVersion "1"]
[SourceVersionDate "1997.11.17"]
[SourceQuality "1"]

1. e4 e5 2. Nf3 Nc6 3. Bb5 a6 4. Ba4 Nf6 5. 0-0 b5 6. Bb3 Bb7 7. Re1 Bc5 8. c3 d6 9. d4 Bb6 10. a4 h6 11. h3 0-0 12. dxe5 Nxe5 13. Nxe5 dxe5 14. Nd2 Qe7 15. Qe2 Bc6 16. Bc2 Bd7 1/2-1/2

[Event "Yalta op"]
[Site "Yalta"]
[Date "1996.??.??"]
[Round "10"]
[White "Hvorostinin, Gennadi"]
[Black "Eljanov, Vladimir"]
[Result "0-1"]
[WhiteElo "2180"]
[BlackElo "2325"]
[PlyCount "100"]
[EventDate "1996.??.??"]
[EventType "swiss"]
[EventRounds "11"]
[EventCountry "UKR"]
[SourceTitle "EXT 1998"]
[Source "ChessBase"]
[SourceDate "1997.11.17"]
[SourceVersion "1"]
[SourceVersionDate "1997.11.17"]
[SourceQuality "1"]

1. e4 c5 2. Nf3 e6 3. d4 cxd4 4. Nxd4 a6 5. Bd3 g6 6. 0-0 Bg7 7. c3 Nf6 8. Be3 0-0 9. f4 d6 10. h3 Nbd7 11. Nd2 b6 12. Qe2 Bb7 13. Bc2 Qc7 14. Rae1 Nc5 15. Bf2 e5 16. fxe5 dxe5 17. Bg3 Nh5 18. Bh2 Rad8 19. N4f3 Nf4 20. Bxf4 exf4 21. e5 Rfe8 22. Nc4 Bxf3 23. Qxf3 b5 24. Nd6 Rxe5 25. Ne4 Rde8 26. b4 Nxe4 27. Rxe4 Rxe4 28. Bxe4 Qxc3 29. Qxc3 Bxc3 30. Bb7 Bd4+ 31. Kh1 Re6 32. Rd1 Bf2 33. Bc8 Rc6 34. Bb7 Rb6 35. Rd7 Re6 36. Rd1 g5 37. Bc8 Rc6 38. Bb7 Rb6 39. Bc8 Kf8 40. Rf1 Be3 41. Rd1 Ke7 42. g3 fxg3 43. Re1 Kd8 44. Bf5 Bf2 45. Rd1+ Ke7 46. Rd7+ Ke8 47. Ra7 Rd6 48. Ra8+ Ke7 49. Bxh7 Rd2 50. Kg2 Be1+ 0-1